000 00560nam a2200217Ia 4500
003 OSt
005 20230425160944.0
008 210423s1987 xx 000 0 und d
020 _a58216037
040 _cAL
041 _aeng
082 _a581.1 WILA
100 _aWILKINS (Malcolm B),Ed
_992994
245 _aAdvanced plant physiology
260 _aEngland
_bLongman Scientific and Technical
_c1987
300 _avii,514
_bPB
365 _cINR
650 _aPhysiology of Plants
_992995
906 _aAdvanced ; physiology ; plant
942 _2ddc
_cBK
999 _c162698
_d162698